| 000 | 01272nam a2200301Ia 4500 | ||
|---|---|---|---|
| 001 | ebr10279503 | ||
| 003 | CaPaEBR | ||
| 006 | m u | ||
| 007 | cr cn||||||||| | ||
| 008 | 080505s2009 enkag sb s001 0 eng d | ||
| 010 | _z 2008020553 | ||
| 020 | _z9780195341935 (alk. paper) | ||
| 020 | _z0195341937 (alk. paper) | ||
| 040 |
_aCaPaEBR _cCaPaEBR |
||
| 035 | _a(OCoLC)313062086 | ||
| 050 | 1 | 4 |
_aML3917.R8 _bS36 2009eb |
| 100 | 1 | _aSchmelz, Peter John. | |
| 245 | 1 | 0 |
_aSuch freedom, if only musical _h[electronic resource] : _bunofficial Soviet music during the Thaw / _cPeter J. Schmelz. |
| 260 |
_aOxford ; _aNew York : _bOxford University Press, _c2009. |
||
| 300 |
_ax, 392 p. : _bill., music. |
||
| 504 | _aIncludes bibliographical references (p. [343]-374) and index. | ||
| 533 |
_aElectronic reproduction. _bPalo Alto, Calif. : _cebrary, _d2009. _nAvailable via World Wide Web. _nAccess may be limited to ebrary affiliated libraries. |
||
| 650 | 0 |
_aMusic _xPolitical aspects _zSoviet Union. |
|
| 650 | 0 |
_aMusic _zSoviet Union _xHistory and criticism. |
|
| 655 | 7 |
_aElectronic books. _2local |
|
| 710 | 2 | _aebrary, Inc. | |
| 856 | 4 | 0 |
_uhttp://site.ebrary.com/lib/rucke/Doc?id=10279503 _zAn electronic book accessible through the World Wide Web; click to view |
| 999 |
_c4543 _d4543 |
||